000 00423nam a2200181Ia 4500
001 17443
005 20260306171517.0
008 260306s9999||||xx |||||||||||||| ||und||
041 _aESP
082 _a658
_bB141 V. 50
100 _aCavalle, C.
_eAUT
245 0 _aLa regeneración de la empresa
260 _c1997
300 _a86 pƔginas :
_c25 cm.
650 _aGEN
654 _aCAN
942 _cLIB
_dJUS
_fJUS
_2ddc
_n
999 _c17443
_d17443